000 00754nam a22002055i 4500
001 166488
003 ES-MaACL
005 20250809025222.0
008 050914s1906 sp | |||||||| ||spa d
040 _aCAM
_bspa
_cCAM
100 1 _aTorres Campos, Manuel.
_9110934
245 1 0 _aElementos de derecho internacional privado /
_cpor Manuel Torres Campos.
250 _a3ª ed. corr. y aum.
260 _aMadrid :
_bLibrería de Fernando Fé,
_c1906 (
_fImprenta de Fortanet)
300 _a549 p. ;
_c19 cm.
650 0 7 _aDerecho internacional privado
_2embne
_911721
700 1 _aFé, Fernando,
_eed.
_9176453
852 _aES-MaACL
_jF-12153
_z- Enc. hol., conservando cub. original
_z. - Dedicatoria autógrafa del autor
999 _c166488
_d166488